Vertebrados : (Record no. 145515)

MARC details
000 -LEADER
campo de control de longitud fija 00865nam a2200253 i 4500
001 - NÚMERO DE CONTROL
campo de control 145515
003 - IDENTIFICADOR DE NÚMERO DE CONTROL
campo de control ES-MaACL
005 - FECHA Y HORA DE LA ÚLTIMA TRANSACCIÓN
campo de control 20230906201240.0
007 - CAMPO FIJO DE DESCRIPCIÓN FÍSICA--INFORMACIÓN GENERAL
campo de control de longitud fija t|
008 - DATOS DE LONGITUD FIJA--INFORMACIÓN GENERAL
campo de control de longitud fija 071015s1979 sp ||||1| spa d
020 ## - NÚMERO INTERNACIONAL ESTÁNDAR DEL LIBRO
Número Internacional Estándar del Libro 84-7214-176-4
245 00 - MENCIÓN DEL TÍTULO
Título Vertebrados :
Resto del título estructura y función /
Mención de responsabilidad, etc. introducciones de Norman K. Wessells ; traducido por Francisco García Álvarez ... [et al.].
260 ## - PUBLICACIÓN, DISTRIBUCIÓN, ETC.
Lugar de publicación, distribución, etc. Madrid :
Nombre del editor, distribuidor, etc. Blume,
Fecha de publicación, distribución, etc. [1979]
300 ## - DESCRIPCIÓN FÍSICA
Extensión VIII, 460 p. :
Otras características físicas il. col. y n. ;
Dimensiones 28 cm.
490 1# - MENCIÓN DE SERIE
Mención de serie Selecciones de Scientific American
504 ## - NOTA DE BIBLIOGRAFÍA, ETC.
Nota de bibliografía, etc. Bibliografía: p. 449-455.
650 #4 - PUNTO DE ACCESO ADICIONAL DE MATERIA--TÉRMINO DE MATERIA
Término de materia o nombre geográfico como elemento de entrada Vertebrados.
9 (RLIN) 143527
700 1# - ENTRADA AGREGADA--NOMBRE PERSONAL
Nombre de persona Wessells, Norman K.
9 (RLIN) 116535
700 1# - ENTRADA AGREGADA--NOMBRE PERSONAL
Nombre de persona García Alvarez, Francisco.
9 (RLIN) 54151
710 2# - ENTRADA AGREGADA--NOMBRE DE ENTIDAD CORPORATIVA
Nombre de entidad corporativa o nombre de jurisdicción como elemento de entrada Scientific American.
9 (RLIN) 6515
830 1# - PUNTO DE ACCESO ADICIONAL DE SERIE-TÍTULO UNIFORME
Título uniforme Selecciones de Scientific American
9 (RLIN) 181289
852 ## - LOCALIZACIÓN
Ubicación ES-MaACL
Número de control de estantería A-10526
Holdings
Estatus retirado Estado de pérdida Estado de daño No para préstamo Biblioteca de origen Biblioteca actual Ubicación en estantería Fecha de adquisición Fuente de adquisición Total de préstamos Signatura topográfica completa Código de barras Visto por última vez Precio de reemplazo Tipo de ítem Koha
        Biblioteca del Ateneo de Madrid Biblioteca del Ateneo de Madrid Depósito 1 17/01/2008     A-10526 1151891 23/02/2023 23/02/2023 Libro impreso